ՀՀ Գիտությունների ազգային ակադեմիայի հիմնարար գիտական գրադարան  =   Fundamental Scientific Library of NAS RA

Влияние ГЭС на окружающую среду в условиях крайнего Севера : (Record no. 229085)

MARC details
000 -LEADER
fixed length control field 01253nam a2200229 u 4500
001 - CONTROL NUMBER
control field 000573851
003 - CONTROL NUMBER IDENTIFIER
control field AM-YeHGA
005 - DATE AND TIME OF LATEST TRANSACTION
control field 20250617140922.0
008 - FIXED-LENGTH DATA ELEMENTS--GENERAL INFORMATION
fixed length control field 080327s1987 ||| r 000 0 rus d
040 ## - CATALOGING SOURCE
Original cataloging agency AM-YeHGA
041 0# - LANGUAGE CODE
Language code of text/sound track or separate title rus
090 ## - LOCALLY ASSIGNED LC-TYPE CALL NUMBER (OCLC); LOCAL CALL NUMBER (RLIN)
-- 230634
245 00 - TITLE STATEMENT
Title Влияние ГЭС на окружающую среду в условиях крайнего Севера :
Remainder of title Сборник научных трудов /
Statement of responsibility, etc. АН СССР, Сиб. отд-ние, Якут. фил., Ин-т физ.-техн. пробл. Севера; Редкол.: В.Ф. Возин (отв. ред) и др.
260 ## - PUBLICATION, DISTRIBUTION, ETC.
Place of publication, distribution, etc. Якутск :
Name of publisher, distributor, etc. ЯФ СО АН СССР,
Date of publication, distribution, etc. 1987.
300 ## - PHYSICAL DESCRIPTION
Extent 103 с. :
Other physical details ил.
504 ## - BIBLIOGRAPHY, ETC. NOTE
Bibliography, etc. note Библиогр. в конце ст.
653 0# - INDEX TERM--UNCONTROLLED
Uncontrolled term Гидроэлектрические станции - Влияние на окружающую среду - Север СССР
653 0# - INDEX TERM--UNCONTROLLED
Uncontrolled term Крайний Север СССР
700 1# - ADDED ENTRY--PERSONAL NAME
Personal name Возин, Валентин Федорович
Relator term ред.
Relationship edt
710 2# - ADDED ENTRY--CORPORATE NAME
Corporate name or jurisdiction name as entry element Академия наук СССР
Subordinate unit Сибирское отделение
-- Якутский филиал
710 2# - ADDED ENTRY--CORPORATE NAME
Corporate name or jurisdiction name as entry element Институт физико-технических проблем Севера СО АН СССР
Holdings
Withdrawn status Lost status Damaged status Not for loan Collection Home library Current library Date acquired Total checkouts Full call number Barcode Date last seen Price effective from Koha item type Public note
        General Fundamental Scientific Library Fundamental Scientific Library 28/12/2016   PII/585103 FL0083228 28/12/2016 28/12/2016 Գրքեր / Books 30 Days Loan
        General Fundamental Scientific Library Fundamental Scientific Library 28/12/2016   РII/590899 FL0039410 28/12/2016 28/12/2016 Գրքեր / Books 30 Days Loan


ՀՀ ԳԱԱ հիմնարար գիտական գրադարան
ՀՀ,Երևան 0019
Մարշալ Բաղրամյան 24/6
հեռախոս:(374-10) 52-47-50
Հետադարձ կապ

All site content, except where otherwise noted, is licensed under a
Creative Commons License